00473nam a2200145Ia 4500008004100000020001800041082001400059100002300073245002500096260003100121500001300152942000700165952014000172999001500312260604s9999 xx 000 0 und d a9780143427858 a294.5 MUR aSudha Murty935380 0aTHE SERPENTS REVENGE bPenguin Random House India aSerpents cBK 00104070aIIMVbIIMVcChildren collectiond2026-06-04g250.00l0o294.5 MURp003801r2026-06-04 10:19:16v250.00w2026-06-04yBKBMUR c8183d8183